=LDR 00000nam 2200000 4500 =001 NUTBA000000000004338 =005 20140911104804.0 =006 =007 =008 =020 ##$$a 978-979-29-2226-4 =035 ##$$0010-091400000000371 =040 ##$$a NBPDMAT =082 ##$$a 540.76 =084 ##$$a 540.76 Agu i =100 ##$$a Agus Kamaludin =245 ##$$a Super pintar Kimia SMA kelas 10,11,12 / $c Agus Kamaluddin =250 ##$$a Cet. 1 =260 ##$$a Yogyakarta : $b G. Media , $c 2012 =300 ##$$a xiii, 116 hlm. : $b ilus. ; $c 15 cm. =650 ##$$a Kimia-SMA-soal,dsb =990 ##$$a 21410167 =990 ##$$a 0001/BPAP-NTB/2016